000 00509nam a22001697a 4500
005 20251108175213.0
008 250721s2011 xx 000 0 ara d
082 1 4 _a810.9282/صال
100 1 _aصالح، منيرة
245 1 0 _a\راهن ادب الطفل في الاردن /
264 1 _aعمان _ الاردن :
_bدار غيداء للنشر والتوزيع،
_c2011.
300 _a252ص.
650 1 7 _aادب الاطفال
650 1 7 _aالاردن
942 _2ddc
_cBK
999 _c128613
_d128613